000 00518nam a22001817a 4500
003 OSt
005 20230401105026.0
008 230401b |||||||| |||| 00| 0 eng d
020 _a81-88600-51-2
040 _cSBCL
082 _a891.434
_bNIR-R
100 _aNirmal, Varma
245 _aRaath Ka Reporter (Hindi)
260 _aDelhi
_bMaheswari Vaani Prakashan
_c2018
300 _a182p.
650 _2Literature & rhetoric
_aLiteratures of other languages
_vEast Indo-European & Celtic literatures
942 _cBOOK
999 _c135661
_d135661